1487 1247 1692 1937 1370 1908 1096 1313 1092 1176 1772 1618 1057 1620 1641 1998 1331 1323 1915 1906 1269 1228 1778 1243 1660 1088 1228 1459 1567 1695 1290 1335 1938 1644 1918 1137 1364 1553 1907 1011 1217 1999 1807 1731 1536 1582 1117 1447 1575 1908 1642 1679 1410 1148 1029 1883 1259 1692 1338 1439 1849 1701 1938 1022 1240 1004 1976 1889 1917 1702 1195 1192 1466 1520 1307 1680 1981 1122 1529 1430 1074 1651 1119 1435 1575 1981 1723 1225 1057 1995 1705 1521 1054 1603 1789 1351 1469 1914 1540 BCNSPRNW ULIB Ver.6.0+V

เปลี่ยนเป็นภาษาไทย

Change to English
 แสดงรายละเอียดบรรณานุกรม
  กลับหน้าหลัก

Brief Record : Get Marc (ISO 2709) : E-mail record : QR code < ปิดหน้าต่าง
LEADER : 00000nam 2200000uu 4500
001    13399113351
003     ULIB
008    111108s2552||||th 000 0 tha d
020    9789749608395(ล.2)
060 04 QY400^bป111ค ล.2
100 0  ประสาร เปรมะสกุล,^cพลเอก
245 10 คู่มือแปลผลตรวจเลือด.^nเล่มสอง /^cพลเอก ประสาร เปรมะสกุล
250    พิมพ์ครั้งที่ 2
260    กรุงเทพฯ :^bอรุณการพิมพ์,^c2552
300    396 หน้า :^bภาพประกอบ ;^c23 ซม.
440  0 หนังสือชุดชีววิถีแนวใหม่ ;^vเล่มที่ 6
650  7 เลือด, การตรวจ
945    ^p350^l0^i15847
995    กัณชพร
999     ^aใช้งานได้ทุกระบบ
รายการนี้ยังไม่มีแท็ก
คุณยังไม่ได้ล็อกอิน คุณสามารถมีกิจกรรมร่วมกับเว็บไซต์ได้ แต่ต้องล็อกอินก่อน ::
  ล็อกอิน

รายการสื่อสารสนเทศ

ลำดับที่ ประเภท เลขเรียก/บาร์โค้ด สถานที่ สถานะ
- ไม่พบข้อมูล -

รายการใกล้เคียง
    หัวเรื่อง [เลือด, การตรวจ]

BibComment


ยังไม่เคยถูกคอมเมนท์

คอมเมนท์ทรัพยากรรายการนี้
  คอมเมนท์: คู่มือแปลผลตรวจเล..


 Copyright 2026. Bcnsprnw @Library